000 01200nam a2200241Ia 4500
999 _c50695
_d50695
001 17646
003 GE_BSU
005 20200220163237.0
008 181216s2009ge xx |||||||||||||| ||geo||
020 _a 978-9941-409-81-3
040 _cGE_BSU
041 _ageo
080 _a633.72:631.528 ბ-25
100 _aბარათაშვილი, დავით.
_91718
245 _aმუტაციური ცვალებადობის თავისებურებანი ჩაის მცენარეში (კვლევის მეთოდებით) /
_cდავით ბარათაშვილი ; რედ. ა. დიასამიძე.
264 _aბათუმი :
_bშოთა რუსთაველის სახელმწ. უნ-ტის გამ-ბა და სტ.
_c2009.
300 _a244 გვ .:
_b ნახ ; ცხრ ;
_c21 სმ.
504 _aბიბლიოგრ.: გვ. 217-240.
653 _aსოფლის მეურნეობა
653 _aჩაის მუტაცია
700 _aდიასამიძე, ა
_eრედაქტორი
_91129
942 _cBK
_2udc